A Song for Cambodia (Record no. 48785)
| 000 -LEADER | |
|---|---|
| fixed length control field | 00377nam a22001217a 4500 |
| 008 - FIXED-LENGTH DATA ELEMENTS--GENERAL INFORMATION | |
| fixed length control field | 250331b |||||||| |||| 00| 0 eng d |
| 020 ## - INTERNATIONAL STANDARD BOOK NUMBER | |
| International Standard Book Number | 9781620142288 |
| 100 ## - MAIN ENTRY--PERSONAL NAME | |
| Personal name | Michelle Lord (Author), Shino Arihara (Illustrator) |
| 9 (RLIN) | 86207 |
| 245 ## - TITLE STATEMENT | |
| Title | A Song for Cambodia |
| 260 ## - PUBLICATION, DISTRIBUTION, ETC. (IMPRINT) | |
| Place of publication, distribution, etc | New York |
| Name of publisher, distributor, etc | 2008 |
| Date of publication, distribution, etc | Lee & Low Books |
| 300 ## - PHYSICAL DESCRIPTION | |
| Extent | 32 p |
| Other physical details | col. ill. |
| Dimensions | 8.75 x 0.25 x 10.75 inches |
| 942 ## - ADDED ENTRY ELEMENTS (KOHA) | |
| Source of classification or shelving scheme | |
| Withdrawn status | Lost status | Source of classification or shelving scheme | Damaged status | Not for loan | Collection code | Home library | Current library | Shelving location | Date acquired | Full call number | Barcode | Date last seen | Price effective from | Koha item type |
|---|---|---|---|---|---|---|---|---|---|---|---|---|---|---|
| Siem Riep | Asian Hope Siem Reap | Asian Hope Siem Reap | Easy Reading | 03/31/2025 | E LOR | 208200 | 03/31/2025 | 03/31/2025 | Book |